[Event "Isle of Man Open"]
[Site "Douglas"]
[Date "20.10.2018"]
[Round "1.75"]
[White "Gormally, Daniel W"]
[Black "Shaw, Peter"]
[Result "1-0"]
[WhiteTitle "GM"]
[WhiteElo "2482"]
[BlackElo "2096"]
[WhiteFideId "406465"]
[BlackFideId "411361"]
[EventDate "2018.10.20"]

1. e4 c5 2. Nf3 e6 3. Nc3 a6 4. g3 b5 5. d4 cxd4 6. Nxd4 Bb7 7. Bg2 Nc6 8. Nxc6
Bxc6 9. O-O Qc7 10. Bf4 d6 11. Re1 Nf6 12. a4 b4 13. Nd5 Qb7 14. a5 e5 15. Be3
Be7 16. Bb6 Bxd5 17. exd5 Bd8 18. Be3 O-O 19. Bd2 Rb8 20. Ra4 b3 21. Rb4 bxc2
22. Qxc2 Qa8 23. Rxb8 Qxb8 24. b4 Ne8 25. Qc6 Qb5 26. Qxb5 axb5 27. Rc1 f5 28.
Rc6 Rf7 29. Rc8 Rd7 30. Bf1 1-0

[Event "Isle of Man Open"]
[Site "Douglas"]
[Date "20.10.2018"]
[Round "1.76"]
[White "Jonsson, Gauti Pall"]
[Black "Darini, Pouria"]
[Result "0-1"]
[BlackTitle "GM"]
[WhiteElo "2073"]
[BlackElo "2475"]
[WhiteFideId "2309092"]
[BlackFideId "12502200"]
[EventDate "2018.10.20"]

1. c4 e5 2. g3 Nc6 3. Bg2 Bc5 4. Nc3 d6 5. a3 a6 6. b4 Ba7 7. e3 h5 8. h4 Bg4 9.
Nge2 Nge7 10. Bb2 Qd7 11. Qc2 Rb8 12. Rc1 O-O 13. O-O Ng6 14. Kh2 Rbe8 15. Ng1
Qd8 16. Nh3 Nce7 17. Ne4 f6 18. f3 Bf5 19. Nhf2 c6 20. Qb3 Be6 21. Bh3 Qd7 22.
Rfd1 Bxh3 23. Nxh3 Qe6 24. Rc2 Rd8 25. d4 Nf5 26. d5 cxd5 27. cxd5 Qd7 28. Rd3
Rc8 29. Bc1 Rxc2+ 30. Qxc2 Rc8 31. Rc3 Nge7 32. Nhf2 Rxc3 33. Qxc3 Nxd5 34. Qc4
Qc6 35. Qb3 Kf8 36. Nd1 b5 37. Bd2 Qc4 38. Qxc4 bxc4 39. a4 Ke7 40. b5 axb5 41.
axb5 Nfxe3 42. Nxe3 Bxe3 43. Bxe3 Nxe3 44. b6 Kd7 45. b7 Kc7 46. Nxd6 Kb8 47.
Nb5 Kxb7 48. Kg1 Kb6 49. Nc3 Kc5 50. Kf2 Kd4 51. Ne2+ Kd3 52. Nc1+ Kd2 0-1

[Event "Isle of Man Open"]
[Site "Douglas"]
[Date "20.10.2018"]
[Round "1.77"]
[White "Cramling, Pia"]
[Black "Demeter, Dorina"]
[Result "1/2-1/2"]
[WhiteTitle "GM"]
[BlackTitle "WFM"]
[WhiteElo "2465"]
[BlackElo "2064"]
[WhiteFideId "1700030"]
[BlackFideId "778079"]
[EventDate "2018.10.20"]

1. Nf3 d5 2. g3 Nf6 3. Bg2 c6 4. c4 Bf5 5. cxd5 cxd5 6. Qb3 Nc6 7. O-O Qd7 8. d4
e6 9. Nc3 Bd6 10. Nb5 Bb8 11. Bf4 a6 12. Qa3 Bxf4 13. gxf4 Rd8 14. Nc3 Ne4 15.
Rac1 Qd6 16. Qxd6 Rxd6 17. Ne5 Nxc3 18. Rxc3 f6 19. Nxc6 Rxc6 20. Rxc6 bxc6 21.
f3 Kd7 22. e4 Bg6 23. Rd1 Rb8 24. Rd2 Kd6 25. Kf2 e5 26. fxe5+ fxe5 27. dxe5+
Kxe5 28. Ke3 dxe4 29. f4+ Ke6 30. Rc2 Kd5 31. Rd2+ Ke6 32. Rc2 Kd5 33. Rd2+ Ke6
34. Rc2 1/2-1/2

[Event "Isle of Man Open"]
[Site "Douglas"]
[Date "20.10.2018"]
[Round "1.78"]
[White "Schroer, Marcel"]
[Black "Cornette, Deimante"]
[Result "0-1"]
[BlackTitle "IM"]
[WhiteElo "2064"]
[BlackElo "2462"]
[WhiteFideId "1012908"]
[BlackFideId "12802859"]
[EventDate "2018.10.20"]

1. Nf3 Nf6 2. c4 g6 3. g3 Bg7 4. Bg2 O-O 5. d4 d6 6. O-O Nc6 7. Nc3 e5 8. d5 Nb8
9. c5 Nbd7 10. cxd6 cxd6 11. a4 Nc5 12. Nd2 Ne8 13. b4 Nd7 14. Qb3 f5 15. Nc4 e4
16. Be3 Ne5 17. Rac1 Nxc4 18. Qxc4 Bd7 19. Qb3 Nf6 20. Bd4 Ng4 21. Bxg7 Kxg7 22.
Nd1 Rc8 23. Ne3 Nxe3 24. Qxe3 Qb6 25. Qb3 Kg8 26. e3 Qa6 27. b5 Qb6 28. Qb4 Rc5
29. Rxc5 Qxc5 30. Qxc5 dxc5 31. Ra1 Rc8 32. Bf1 c4 33. Rc1 c3 34. Be2 Kf7 35.
Bd1 Ke7 36. Bb3 Kd6 37. Kf1 Be8 38. Ke1 Bf7 39. Kd1 g5 40. Kc2 Bh5 41. Ba2 Be2
42. Bb3 Bd3+ 43. Kd1 h5 44. Ke1 h4 45. Kd1 Ke5 46. Ke1 hxg3 47. hxg3 f4 48.
gxf4+ gxf4 49. d6 fxe3 50. d7 Rf8 0-1

[Event "Isle of Man Open"]
[Site "Douglas"]
[Date "20.10.2018"]
[Round "1.79"]
[White "Prithu, Gupta"]
[Black "Mai, Aron Thor"]
[Result "1-0"]
[WhiteTitle "IM"]
[WhiteElo "2458"]
[BlackElo "2063"]
[WhiteFideId "46618546"]
[BlackFideId "2313383"]
[EventDate "2018.10.20"]

1. Nf3 Nf6 2. c4 g6 3. g3 Bg7 4. Bg2 O-O 5. O-O d6 6. d4 Nbd7 7. Nc3 e5 8. e4
exd4 9. Nxd4 Re8 10. b3 a6 11. Bb2 Rb8 12. Re1 Ne5 13. f4 Ned7 14. Qd2 Nc5 15.
b4 Ne6 16. Nd5 Bd7 17. Rac1 h5 18. Nf3 Nf8 19. Qc3 Re6 20. f5 Ne8 21. Qd2 gxf5
22. exf5 Bh6 23. Qc3 Bg7 24. Qd2 Bh6 25. fxe6 Bxd2 26. e7 Qc8 27. exf8=Q+ Kxf8
28. Nxd2 c6 29. Nf6 Be6 30. Nde4 Qd8 31. Nxe8 Kxe8 32. Bf6 Qb6+ 33. c5 dxc5 34.
Nd6+ Kf8 35. bxc5 Qa5 36. Re5 Qa3 37. Rf1 Bd5 38. Be7+ Kg8 39. Rg5+ Kh7 40.
Rxf7+ Kh6 41. Nf5# 1-0

[Event "Isle of Man Open"]
[Site "Douglas"]
[Date "20.10.2018"]
[Round "1.80"]
[White "Harari, Zaki"]
[Black "Williams, Simon K"]
[Result "0-1"]
[BlackTitle "GM"]
[WhiteElo "2055"]
[BlackElo "2457"]
[WhiteFideId "2002639"]
[BlackFideId "404454"]
[EventDate "2018.10.20"]

1. e4 e6 2. d4 d5 3. e5 c5 4. c3 Nc6 5. Nf3 Bd7 6. a3 f6 7. Bd3 Qc7 8. O-O fxe5
9. Nxe5 Nxe5 10. dxe5 O-O-O 11. Qe2 Nh6 12. Nd2 Nf7 13. Nf3 Be7 14. c4 d4 15.
Re1 g5 16. b4 g4 17. Nd2 h5 18. bxc5 Bxc5 19. Nb3 h4 20. Bf4 Rhg8 21. Nxc5 Qxc5
22. Qd2 Bc6 23. Qb4 b6 24. Rab1 h3 25. Qxc5 bxc5 26. Be4 Kc7 27. Bxc6 Kxc6 28.
Rb5 Rb8 29. Reb1 Rxb5 30. Rxb5 d3 31. Rb2 Rd8 32. Rd2 a5 33. gxh3 gxh3 34. f3
Rd4 35. Bg3 a4 36. Kf2 Nh6 37. f4 Nf5 38. Kf3 Rxc4 39. Rxd3 Rd4 40. Rc3 c4 41.
Be1 Kd5 42. Kg4 Rd1 43. Bf2 Rd3 44. Rc1 Rxa3 45. Kg5 Rf3 46. Rd1+ Ke4 47. Re1+
Kd3 48. Bc5 Kd2 49. Ra1 c3 50. Bb4 Kc2 51. Ba5 Kb3 52. Rb1+ Ka2 53. Rb8 c2 54.
Bd2 Rd3 55. Bc1 Rb3 0-1

[Event "Isle of Man Open"]
[Site "Douglas"]
[Date "20.10.2018"]
[Round "1.81"]
[White "Gukesh, D"]
[Black "Chennaoui, Yasin"]
[Result "1-0"]
[WhiteTitle "IM"]
[WhiteElo "2456"]
[BlackElo "2050"]
[WhiteFideId "46616543"]
[BlackFideId "1330667"]
[EventDate "2018.10.20"]

1. Nf3 Nf6 2. g3 d5 3. Bg2 e6 4. O-O Be7 5. d3 c5 6. Nbd2 Nc6 7. e4 b6 8. Re1
Bb7 9. c3 Qc7 10. a3 O-O-O 11. Qe2 h6 12. b4 g5 13. h3 dxe4 14. dxe4 Nd7 15. e5
h5 16. Nc4 g4 17. Nd6+ Bxd6 18. exd6 Qxd6 19. Ng5 Qe7 20. b5 Nce5 21. Bxb7+ Kxb7
22. Qe4+ Kb8 23. Bf4 f6 24. h4 fxg5 25. Bxe5+ Nxe5 26. Qxe5+ Qd6 27. Qxg5 Qd2
28. Rxe6 Rhf8 29. Qe5+ Ka8 30. Rf1 Qd5 31. Re7 Qxe5 32. Rxe5 Rf3 33. Rc1 Rdf8
34. Rc2 R8f5 35. Re8+ Kb7 36. Re7+ Kb8 37. Rh7 c4 38. a4 Rd3 39. Re2 Rf8 40.
Rxh5 Rxc3 41. Rhe5 Ra3 42. h5 Rh8 43. Re8+ Rxe8 44. Rxe8+ Kc7 45. h6 Ra1+ 46.
Kg2 c3 47. h7 c2 48. Rc8+ Kxc8 49. h8=Q+ Kd7 50. Qxa1 1-0

[Event "Isle of Man Open"]
[Site "Douglas"]
[Date "20.10.2018"]
[Round "1.82"]
[White "Sipos, Silvester"]
[Black "Bellaiche, Anthony"]
[Result "0-1"]
[BlackTitle "IM"]
[WhiteElo "2050"]
[BlackElo "2453"]
[WhiteFideId "444260"]
[BlackFideId "615668"]
[EventDate "2018.10.20"]

1. e4 c5 2. Nf3 e6 3. d4 cxd4 4. Nxd4 Nc6 5. Nc3 Qc7 6. Be3 a6 7. a3 b5 8. Be2
Bb7 9. Qd2 Nf6 10. O-O Ne5 11. f3 Ng6 12. Rfe1 h5 13. Rad1 Be7 14. Bf1 h4 15. h3
O-O 16. Qf2 Bd6 17. Qd2 Nh5 18. Nde2 Bh2+ 19. Kh1 Rfd8 20. Qd4 Ng3+ 21. Nxg3
Bxg3 22. Bf2 Bxf2 23. Qxf2 Rac8 24. Rd2 d6 25. Red1 Bc6 26. Bd3 Qe7 27. Qb6 Qb7
28. Qf2 a5 29. Ne2 Rb8 30. b3 e5 31. c4 b4 32. a4 Qe7 33. Bb1 Nf8 34. Nc1 Ne6
35. Nd3 Nd4 36. Ba2 Ba8 37. Nc1 Ne6 38. Nd3 g6 39. Ne1 Kg7 40. Nc2 Nf4 41. Ne3
Bc6 42. Bb1 Rd7 43. Bd3 Ne6 44. Bc2 Nf4 45. Kh2 Kf8 46. Bd3 Rbb7 47. Bc2 Ke8 48.
Qf1 Ne6 49. Nd5 Qg5 50. Qf2 Rd8 51. Kh1 Kf8 52. Rg1 Bxd5 53. Rxd5 Nc5 54. Rf1
Qf4 55. Rfd1 Rbd7 56. Kg1 Ke7 57. R1d2 Rc8 58. Rd1 Rc6 59. Qd2 Qxd2 60. R1xd2
Ra7 61. Kf2 Ne6 62. Ke3 Raa6 63. Bd1 Rc5 64. Rf2 Ra8 65. Rdd2 Rh8 66. Bc2 Rh5
67. Bd1 Rg5 68. Bc2 Rg3 69. Ke2 Nd4+ 70. Kd1 f5 71. exf5 gxf5 72. Rf1 Kf6 73. f4
Rc3 74. fxe5+ dxe5 75. Rxd4 exd4 76. Kd2 Rg3 77. Rf2 Re5 78. Bd1 Kg5 79. Bf3 Re3
80. Kc2 Rc3+ 0-1

[Event "Isle of Man Open"]
[Site "Douglas"]
[Date "21.10.2018"]
[Round "2.1"]
[White "Wagner, Dennis"]
[Black "Aronian, Levon"]
[Result "0-1"]
[WhiteTitle "GM"]
[BlackTitle "GM"]
[WhiteElo "2572"]
[BlackElo "2780"]
[WhiteFideId "24650684"]
[BlackFideId "13300474"]
[EventDate "2018.10.20"]

1. e4 g6 2. d4 Bg7 3. Nc3 c6 4. f4 d5 5. e5 Nh6 6. Nf3 Bg4 7. h3 Bxf3 8. Qxf3
Nf5 9. Ne2 e6 10. g4 Ne7 11. Ng3 f6 12. exf6 Bxf6 13. c3 Bh4 14. Bd2 Qd6 15.
O-O-O Nd7 16. Bd3 O-O-O 17. Ne2 Rhf8 18. Qe3 Bf6 19. Rhe1 Bh4 20. Rf1 Bf6 21.
Ng1 c5 22. Nf3 Nc6 23. Kb1 Kb8 24. h4 cxd4 25. cxd4 Nb6 26. Rc1 Qe7 27. Bb5 Rc8
28. Bxc6 bxc6 29. Ne5 Bxe5 30. Qxe5+ Ka8 31. Qe1 Qf6 32. Bb4 Rf7 33. Qf2 Nc4 34.
b3 Rb8 35. Bc5 Rb5 36. Kc2 Rxc5 37. dxc5 Na3+ 38. Kd1 Nb5 39. Qe3 e5 40. f5 Qxh4
41. Kc2 gxf5 42. gxf5 Qf6 43. Kb1 e4 44. a4 Nd4 45. Rg1 Rf8 46. Qc3 e3 47. Rcf1
Qe5 48. Ka2 Qe4 49. Rg7 Rb8 50. Rfg1 Nxb3 51. Ka3 d4 52. Qc4 Na5 0-1

[Event "Isle of Man Open"]
[Site "Douglas"]
[Date "21.10.2018"]
[Round "2.2"]
[White "Puranik, Abhimanyu"]
[Black "Vachier-Lagrave, Maxime"]
[Result "0-1"]
[WhiteTitle "GM"]
[BlackTitle "GM"]
[WhiteElo "2547"]
[BlackElo "2780"]
[WhiteFideId "5061245"]
[BlackFideId "623539"]
[EventDate "2018.10.20"]

1. e4 c5 2. Nf3 d6 3. d4 cxd4 4. Nxd4 Nf6 5. Nc3 a6 6. Be3 Ng4 7. Bc1 Nf6 8. Be3
e5 9. Nf3 Be7 10. Bc4 O-O 11. O-O Be6 12. Bb3 b5 13. a4 b4 14. Nd5 Bxd5 15. Bxd5
Nxd5 16. Qxd5 Nd7 17. Rfd1 Qc7 18. Bg5 Nb6 19. Qa5 Bxg5 20. Nxg5 Qc5 21. Qxc5
dxc5 22. b3 Rad8 23. a5 Nc8 24. Nf3 f6 25. Ne1 Nd6 26. Rd5 Nb7 27. Rxd8 Rxd8 28.
Nd3 Kf7 29. Kf1 Ke6 30. Ke2 Kd6 31. Nb2 Kc6 32. Nc4 Rd4 33. Ke3 Nd6 34. Nxd6
Rxd6 35. g3 c4 36. bxc4 Kc5 37. f4 Kxc4 38. fxe5 fxe5 39. Rf1 Kc3 40. Rf7 Rc6 0-1

[Event "Isle of Man Open"]
[Site "Douglas"]
[Date "21.10.2018"]
[Round "2.3"]
[White "Anand, Viswanathan"]
[Black "Hess, Robert"]
[Result "1/2-1/2"]
[WhiteTitle "GM"]
[BlackTitle "GM"]
[WhiteElo "2771"]
[BlackElo "2574"]
[WhiteFideId "5000017"]
[BlackFideId "2022036"]
[EventDate "2018.10.20"]

1. e4 e6 2. d4 d5 3. Nc3 Bb4 4. e5 Qd7 5. Bd2 Ne7 6. f4 b6 7. Nb5 Bxd2+ 8. Qxd2
Ba6 9. a4 O-O 10. Nf3 c6 11. Nd6 Bxf1 12. Rxf1 c5 13. Qe3 cxd4 14. Nxd4 Nbc6 15.
Nxc6 Qxc6 16. c3 a6 17. Kf2 Nc8 18. Nxc8 Rfxc8 19. Rfd1 b5 20. axb5 Qxb5 21. Rd2
Rc4 22. Kg1 Re4 23. Qf2 a5 24. h3 g6 25. Re1 Rxe1+ 26. Qxe1 a4 27. Rf2 a3 28.
bxa3 Rxa3 29. Rf3 Qa5 30. Qe3 Qa7 31. Qxa7 Rxa7 32. g3 Ra2 33. Rf2 Ra3 34. Rc2
d4 35. cxd4 Rxg3+ 36. Kf2 Rxh3 37. Rc8+ Kg7 38. Rd8 Rd3 39. Ke2 Ra3 40. d5 exd5
41. Rxd5 h5 42. Rd7 Kf8 43. Rb7 h4 44. Rb6 Ke7 45. f5 gxf5 46. Kf2 h3 47. Rf6 h2
48. Kg2 Rh3 49. Kh1 Rh5 50. Ra6 f4 51. Rf6 Rxe5 52. Rxf4 Rh5 53. Rf3 Ke6 54. Ra3
f5 55. Ra6+ Ke5 56. Ra5+ Kf4 57. Ra4+ Kg5 58. Ra3 Rh8 59. Rb3 f4 60. Ra3 Kg4 61.
Rb3 Re8 62. Kxh2 Re3 63. Rb8 Kf3 64. Ra8 Kf2 65. Ra4 f3 66. Ra1 Re8 67. Ra2+ Re2
68. Ra8 Rb2 69. Ra1 Rc2 70. Kh3 Rd2 71. Kh2 Re2 72. Ra8 Kf1+ 73. Kg3 f2 74. Kf3
Re7 75. Ra1+ Re1 76. Ra2 Kg1 77. Rxf2 Rf1 78. Rxf1+ Kxf1 1/2-1/2

[Event "Isle of Man Open"]
[Site "Douglas"]
[Date "21.10.2018"]
[Round "2.5"]
[White "Paehtz, Elisabeth"]
[Black "Karjakin, Sergey"]
[Result "1/2-1/2"]
[WhiteTitle "IM"]
[BlackTitle "GM"]
[WhiteElo "2513"]
[BlackElo "2760"]
[WhiteFideId "4641833"]
[BlackFideId "14109603"]
[EventDate "2018.10.20"]

1. e4 c6 2. d4 d5 3. Nc3 dxe4 4. Nxe4 Bf5 5. Ng3 Bg6 6. Nf3 Nf6 7. Bd3 e6 8. O-O
Nbd7 9. b3 a5 10. a4 Bd6 11. Bb2 Qc7 12. Re1 O-O 13. Bxg6 hxg6 14. Ne5 b5 15.
Qf3 bxa4 16. Rxa4 Nb6 17. Raa1 a4 18. c4 c5 19. dxc5 Bxc5 20. bxa4 Rxa4 21. Rxa4
Nxa4 22. Ba1 Nb6 23. Nd3 Nbd7 24. Nxc5 Qxc5 25. Bxf6 Nxf6 26. Ne4 Qxc4 27. Nxf6+
gxf6 28. Qxf6 Rc8 29. g3 Qc3 30. Qxc3 Rxc3 31. Kg2 Kg7 1/2-1/2

[Event "Isle of Man Open"]
[Site "Douglas"]
[Date "21.10.2018"]
[Round "2.7"]
[White "Dragnev, Valentin"]
[Black "Naiditsch, Arkadij"]
[Result "0-1"]
[WhiteTitle "GM"]
[BlackTitle "GM"]
[WhiteElo "2508"]
[BlackElo "2721"]
[WhiteFideId "1634852"]
[BlackFideId "4650891"]
[EventDate "2018.10.20"]

1. d4 Nf6 2. c4 e6 3. Nf3 d5 4. Nc3 Nbd7 5. Bf4 dxc4 6. e3 Nb6 7. Bxc4 Nxc4 8.
Qa4+ c6 9. Qxc4 Nd5 10. O-O Nxf4 11. exf4 Be7 12. Rfe1 O-O 13. Ne5 Qb6 14. Re2
Rd8 15. Rd1 Qb4 16. Qd3 Bd7 17. Ne4 c5 18. a3 Qb5 19. Nc3 Qxd3 20. Rxd3 cxd4 21.
Rxd4 Be8 22. Red2 Rxd4 23. Rxd4 b5 24. Kf1 Rc8 25. Nd1 f6 26. Nd3 Bd8 27. Ne1 b4
28. Rxb4 Ba5 29. Rd4 Bb5+ 30. Nd3 Bb6 31. Rd6 Bc5 32. Nc3 Bxd6 33. Nxb5 Bb8 34.
Ke2 a6 35. Nc3 Ba7 36. Nb4 a5 37. Nc2 Kf7 38. f3 Bg1 39. h3 Bh2 40. Ke3 Rb8 41.
b4 Rc8 42. Kd3 axb4 43. axb4 Bxf4 44. b5 Rd8+ 0-1

[Event "Isle of Man Open"]
[Site "Douglas"]
[Date "21.10.2018"]
[Round "2.8"]
[White "Vidit, Santosh Gujrathi"]
[Black "Debashis, Das"]
[Result "1-0"]
[WhiteTitle "GM"]
[BlackTitle "GM"]
[WhiteElo "2711"]
[BlackElo "2548"]
[WhiteFideId "5029465"]
[BlackFideId "5024854"]
[EventDate "2018.10.20"]

1. e4 e6 2. d4 d5 3. Nc3 dxe4 4. Nxe4 Bd7 5. Nf3 Bc6 6. Bd3 Nd7 7. O-O Ngf6 8.
Ng3 Be7 9. c4 O-O 10. Bf4 b6 11. Qe2 Bb7 12. Rad1 Re8 13. Bc2 Qc8 14. Ba4 Bf8
15. Ne5 c6 16. Rd3 a6 17. Rc1 Ra7 18. a3 Qa8 19. Ne4 b5 20. Bc2 c5 21. Ng5 bxc4
22. Rg3 g6 23. Nxh7 Nxh7 24. Bxg6 Ndf6 25. Qh5 1-0

[Event "Isle of Man Open"]
[Site "Douglas"]
[Date "21.10.2018"]
[Round "2.9"]
[White "Kobo, Ori"]
[Black "Artemiev, Vladislav"]
[Result "1/2-1/2"]
[WhiteTitle "GM"]
[BlackTitle "GM"]
[WhiteElo "2505"]
[BlackElo "2706"]
[WhiteFideId "2812320"]
[BlackFideId "24101605"]
[EventDate "2018.10.20"]

1. Nf3 Nf6 2. c4 g6 3. Nc3 d5 4. cxd5 Nxd5 5. h4 Bg7 6. e4 Nb6 7. d4 Bg4 8. Be3
Nc6 9. d5 Ne5 10. Be2 Nxf3+ 11. gxf3 Bh5 12. a4 O-O 13. a5 Nd7 14. f4 Nf6 15. f3
Ne8 16. e5 f6 17. Ne4 fxe5 18. Ng5 Qd6 19. Ne6 exf4 20. Bc5 Qe5 21. Bd4 Qxd5 22.
Bxg7 Qxe6 23. Bxf8 Bxf3 24. Rh2 Kxf8 25. Qd4 Qe4 26. Qh8+ Kf7 27. Qxh7+ Ng7 28.
h5 Bxe2 29. Rxe2 Qh1+ 30. Kf2 Qh2+ 31. Kf1 Qxh5 32. Rxe7+ Kxe7 33. Qxg7+ Kd6 34.
Qf6+ Kc5 35. Qc3+ Kd5 36. Re1 Qh1+ 37. Kf2 Qh4+ 38. Kf1 Qh1+ 1/2-1/2

[Event "Isle of Man Open"]
[Site "Douglas"]
[Date "21.10.2018"]
[Round "2.10"]
[White "Eljanov, Pavel"]
[Black "Mekhitarian, Krikor Sevag"]
[Result "1/2-1/2"]
[WhiteTitle "GM"]
[BlackTitle "GM"]
[WhiteElo "2703"]
[BlackElo "2546"]
[WhiteFideId "14102951"]
[BlackFideId "2107660"]
[EventDate "2018.10.20"]

1. d4 Nf6 2. Nf3 d5 3. c4 e6 4. g3 dxc4 5. Bg2 Nc6 6. Qa4 Bb4+ 7. Bd2 Nd5 8. Qc2
Nb6 9. Bxb4 Nxb4 10. Qc3 Qe7 11. O-O O-O 12. Nbd2 c5 13. Nxc4 Bd7 14. Nce5 Rfc8
15. Nxd7 cxd4 16. Qxd4 Nxd7 17. Rac1 Nc6 18. Qe3 h6 19. Rfd1 Nb6 20. Ne5 Nxe5
21. Qxe5 Rxc1 22. Rxc1 Rd8 23. h4 Nd5 24. a3 b6 25. Be4 Nf6 26. Bd3 Kf8 27. Rc7
Rd7 28. Rc8+ Rd8 29. Qb8 Rxc8 30. Qxc8+ Qe8 31. Qb7 Qd7 32. Qb8+ Ke7 33. b4 Ne8
34. Be4 Nd6 35. Bf3 Nb5 36. Qe5 f6 37. Qb2 Nd4 38. Bg2 Nc6 1/2-1/2

[Event "Isle of Man Open"]
[Site "Douglas"]
[Date "21.10.2018"]
[Round "2.12"]
[White "Vishnu Prasanna, V"]
[Black "Nabaty, Tamir"]
[Result "1-0"]
[WhiteTitle "GM"]
[BlackTitle "GM"]
[WhiteElo "2504"]
[BlackElo "2692"]
[WhiteFideId "5030692"]
[BlackFideId "2809052"]
[EventDate "2018.10.20"]

1. d4 d5 2. c4 e6 3. Nc3 Nf6 4. cxd5 exd5 5. Bg5 c6 6. e3 Be7 7. Bd3 Bg4 8. Qc2
Bh5 9. Nge2 Bg6 10. Ng3 Na6 11. a3 Nc7 12. Nf5 Ne6 13. h4 Bxf5 14. Bxf5 Qd6 15.
O-O-O g6 16. Bd3 O-O-O 17. Kb1 Kb8 18. Bxf6 Bxf6 19. Rc1 Qe7 20. g3 c5 21. dxc5
Nxc5 22. Rhd1 d4 23. exd4 Nxd3 24. Rxd3 Bxd4 25. Rcd1 Be5 26. Nd5 Qd6 27. Qb3
Qe6 28. Re1 Qf5 29. g4 Qxf2 30. Rxe5 Rd7 31. Nb4 Rxd3 32. Nxd3 Qxh4 33. Nc5 b6
34. Qd5 bxc5 35. Re3 Qh1+ 36. Qxh1 1-0

[Event "Isle of Man Open"]
[Site "Douglas"]
[Date "21.10.2018"]
[Round "2.13"]
[White "Leko, Peter"]
[Black "Praggnanandhaa, R"]
[Result "1/2-1/2"]
[WhiteTitle "GM"]
[BlackTitle "GM"]
[WhiteElo "2690"]
[BlackElo "2519"]
[WhiteFideId "703303"]
[BlackFideId "25059530"]
[EventDate "2018.10.20"]

1. e4 c6 2. d4 d5 3. e5 Bf5 4. Nd2 e6 5. Nb3 c5 6. dxc5 Bxc5 7. Nxc5 Qa5+ 8. c3
Qxc5 9. Be3 Qc7 10. f4 Ne7 11. Be2 O-O 12. Nf3 Nbc6 13. O-O f6 14. exf6 Rxf6 15.
Qd2 Bg4 16. Rae1 Nf5 17. Bd4 Nfxd4 18. Nxd4 Bxe2 19. Rxe2 Qb6 20. Qe3 Nxd4 21.
cxd4 Rc8 22. g3 h6 23. Kg2 a5 24. Rd1 a4 25. Rd3 Rf7 26. Ra3 Rc4 27. b3 axb3 28.
Rxb3 Qc6 29. Qxe6 Qxe6 30. Rxe6 Rxd4 31. Kf3 Rc7 32. a3 Rdc4 33. Reb6 Rc3+ 34.
Kg4 d4 35. a4 Rxb3 36. Rxb3 Rc4 37. a5 Rc5 38. Rxb7 Rxa5 39. Rd7 Ra4 40. f5 d3+
41. Kh5 Ra5 42. g4 Kh7 43. Kh4 Ra2 44. f6 Kg6 45. fxg7 Kh7 46. h3 d2 47. g8=Q+
Kxg8 48. Kh5 Ra3 49. Kxh6 Rxh3+ 50. Kg6 Rf3 51. Rxd2 Rf8 1/2-1/2

[Event "Isle of Man Open"]
[Site "Douglas"]
[Date "21.10.2018"]
[Round "2.14"]
[White "Harsha, Bharathakoti"]
[Black "Sethuraman, S.P."]
[Result "1-0"]
[WhiteTitle "IM"]
[BlackTitle "GM"]
[WhiteElo "2492"]
[BlackElo "2673"]
[WhiteFideId "5078776"]
[BlackFideId "5021596"]
[EventDate "2018.10.20"]

1. d4 Nf6 2. c4 g6 3. Nc3 Bg7 4. e4 d6 5. Be2 O-O 6. Be3 Na6 7. g4 c5 8. d5 e6
9. f3 exd5 10. cxd5 Nc7 11. a4 a6 12. h4 h5 13. g5 Nh7 14. Qd2 Bd7 15. f4 Re8
16. Bf3 Bg4 17. Bxg4 Bxc3 18. bxc3 hxg4 19. Ne2 Rxe4 20. Ng3 Re8 21. Kf2 Re7 22.
h5 Qf8 23. f5 Re5 24. c4 gxf5 25. Bf4 f6 26. g6 Ng5 27. h6 Rae8 28. Bxe5 dxe5
29. Nxf5 Ne4+ 30. Ke2 Nxd2 31. g7 1-0

[Event "Isle of Man Open"]
[Site "Douglas"]
[Date "21.10.2018"]
[Round "2.15"]
[White "Adhiban, Baskaran"]
[Black "Olafsson, Helgi"]
[Result "1/2-1/2"]
[WhiteTitle "GM"]
[BlackTitle "GM"]
[WhiteElo "2668"]
[BlackElo "2510"]
[WhiteFideId "5018471"]
[BlackFideId "2300010"]
[EventDate "2018.10.20"]

1. e4 e5 2. Bc4 Nf6 3. d3 Nc6 4. Nf3 Bc5 5. O-O d6 6. c3 a6 7. a4 h6 8. Re1 O-O
9. Nbd2 Re8 10. Nf1 Ba7 11. Ng3 d5 12. exd5 Nxd5 13. d4 Nb6 14. Bb3 exd4 15.
Rxe8+ Qxe8 16. Qd3 Qf8 17. Bc2 g6 18. Bb3 Qg7 19. Nxd4 Na5 20. Bc2 c5 21. Nf3
Be6 22. Bf4 Nc6 23. Qd2 Nc4 24. Qc1 g5 25. Be3 N6e5 26. Be4 Nxf3+ 27. Bxf3 Rb8
28. h3 Qe5 29. Nf1 Bb6 30. Qc2 Bc7 31. Re1 b5 32. axb5 Rxb5 33. Bd2 Rxb2 34. Qa4
Nxd2 35. Rxe5 Nxf3+ 36. gxf3 Bxe5 37. Ne3 Kg7 38. Kg2 Bxc3 39. Qxa6 Bd4 40. Qd3 1/2-1/2

[Event "Isle of Man Open"]
[Site "Douglas"]
[Date "21.10.2018"]
[Round "2.16"]
[White "Keymer, Vincent"]
[Black "Kovalev, Vladislav"]
[Result "1/2-1/2"]
[WhiteTitle "IM"]
[BlackTitle "GM"]
[WhiteElo "2491"]
[BlackElo "2664"]
[WhiteFideId "12940690"]
[BlackFideId "13504398"]
[EventDate "2018.10.20"]

1. c4 Nf6 2. Nc3 e6 3. Nf3 d5 4. d4 dxc4 5. e4 b5 6. e5 Nd5 7. Nxb5 Nb6 8. Be2
Nc6 9. O-O Be7 10. Be3 O-O 11. Nc3 Bb7 12. a3 Na5 13. Qc2 Nd5 14. Rad1 Nxe3 15.
fxe3 c5 16. d5 exd5 17. Nxd5 Bxd5 18. e4 Bxe4 19. Qxe4 Qc8 20. Bxc4 Nxc4 21.
Qxc4 Rb8 22. b3 Rb7 23. Rd5 Qe6 24. Rfd1 h6 25. h3 Rfb8 26. R1d3 Qb6 27. Kh2 Qb5
28. Qxb5 Rxb5 29. Rd7 R5b7 30. Rxb7 Rxb7 31. Kg3 f6 32. Kf4 Kf7 33. g4 Ke6 34.
Ke4 a5 35. Nd2 a4 36. exf6 Bxf6 37. bxa4 Ra7 38. Nc4 Rxa4 39. Rd6+ Ke7 40. Kd5
Rxc4 41. Re6+ Kd7 42. Rxf6 Rc3 43. Rf7+ Ke8 44. Rxg7 Rxa3 45. h4 Kf8 46. Rg6 h5
47. g5 Ra4 48. Kxc5 1/2-1/2